MARC

LEADER 00000nam0a2200000 4500
001 292966
005 20231102000541.0
035 |a (RuTPU)RU\TPU\book\317730 
090 |a 292966 
100 |a 20150428d1983 km y0rusy50 ca 
101 1 |a rus  |c eng 
102 |a RU 
105 |a a z 001zy 
200 1 |a Физика и техника цилиндрических магнитных доменов  |e пер. с англ.  |f А. Эшенфельдер 
210 |a Москва  |c Мир  |d 1983 
215 |a 496 с.  |c ил. 
320 |a Библиогр.: с. 474-485 
320 |a Предметный указатель: с. 486-490 
606 1 |a Домены ферромагнитные  |x (магнетизм)  |2 stltpush  |3 (RuTPU)RU\TPU\subj\9988  |9 37134 
606 1 |a Домены ферромагнитные  |x Вычислительная техника  |2 stltpush  |3 (RuTPU)RU\TPU\subj\65997  |9 82286 
610 1 |a физика 
610 1 |a техника 
610 1 |a цилиндрические домены 
610 1 |a микроэлектронные устройства 
610 1 |a генерирование 
610 1 |a детектирование 
610 1 |a изготовление 
610 1 |a сборка 
610 1 |a перспективы 
675 |a 537.611  |v 4 
675 |a 681.327.664  |v 4 
700 1 |a Эшенфельдер  |b А. 
801 1 |a RU  |b 63413507  |c 20150428 
801 2 |a RU  |b 63413507  |c 20181015  |g RCR 
942 |c BK